| 000 | 00440nam a2200157 4500 | ||
|---|---|---|---|
| 999 |
_c512519 _d512519 |
||
| 008 | 191127b ||||| |||| 00| 0 eng d | ||
| 100 |
_aKhan, Tasnrrm Q _913908 |
||
| 245 | _aTowards digital and financial literacy | ||
| 260 | _bKurukshetra | ||
| 300 | _a 68(1), Nov, 2019: p.43-46. | ||
| 650 |
_aDigital literacy _913909 |
||
| 650 |
_aFiancial literacy _913910 |
||
| 773 | _aKurukshetra | ||
| 906 | _aDigitisation | ||
| 942 |
_2ddc _cAR |
||